Mass spectrometry : a textbook /

Guardado en:
Autor Principal: Gross, Jürgen H.
Formato: Libro
Idioma:English
Publicado: Berlin ; New York : Springer, c2004.
Edición:1st.
Materias:
Acceso en línea:Publisher description
Table of contents only
Etiquetas: Agregar Etiqueta
Sin Etiquetas, Sea el primero en etiquetar este registro!
LEADER 00995cam a2200277 a 4500
001 EIQ.libpla004301
008 040302s2004####gw#a#####b####001#0#eng#d
005 20121212123006.0
245 1 0 |a Mass spectrometry :  |b a textbook /  |c Jürgen H. Gross. 
250 |a 1st. 
260 |a Berlin ;  |a New York :  |b Springer,  |c c2004. 
300 |a xviii, 518 p. :  |b il. ;  |c 24 cm. 
504 |a Incluye referencias bibliográficas e índice. 
020 |a 3540407391 :  |c £46.00 
100 1 |a Gross, Jürgen H. 
082 0 0 |a 543.65  |2 22 
650 0 |a Mass spectrometry. 
650 0 |a Ionization. 
650 0 |a Espectrometría de masa 
650 0 |a Ionización 
010 |a  2004103200 
040 |a StDuBDS  |c StDuBDS  |d Uk  |d DLC 
050 0 0 |a QD96.M3  |b G76 2004 
856 4 2 |3 Publisher description  |u http://www.loc.gov/catdir/enhancements/fy0817/2004103200-d.html 
856 4 1 |3 Table of contents only  |u http://www.loc.gov/catdir/enhancements/fy0817/2004103200-t.html 
859 |a AR-BbSID  |b BIB. PLAPIQUI  |h 543.65  |i G914  |p 6160